| 000 | 02290nam a2200385 i 4500 | ||
|---|---|---|---|
| 001 | 000000101 | ||
| 003 | DO-SdBPM | ||
| 005 | 20250910101055.0 | ||
| 007 | ta | ||
| 008 | 081031t2008 dr r 001 0 spa d | ||
| 020 | _a8489525579 | ||
| 040 |
_aDO-SdBPM _bspa _cBPMSU _erda |
||
| 082 | 4 |
_a501 _bC569t 2008 _222 |
|
| 092 | _2 | ||
| 245 | 0 | 0 |
_aCiencia, tecnología y sociedad : _ccompilador, Andrés Molina . _bselección de textos de quehacer científico I / |
| 264 |
_aSanto Domingo : _bINTEC, _c2008 |
||
| 300 |
_a244 páginas ; _c23 cm. |
||
| 336 |
_2rdacontent _atexto _btxt |
||
| 337 |
_2rdamedia _asin mediación _bn |
||
| 338 |
_2rdacarrier _avolumen _bnc |
||
| 500 | _a | ||
| 505 | 0 |
_tIntroducción _tLa ciencia, una construcción humana / _rAndrés Molina -- _t¿Qué es la ciencia? / _rMario Bunge -- _tCiencia y filosofía / _rMarx Wartofsky -- _tOrígenes de las relaciones ciencia-poder político / _rJ. J. Salomon -- _tCiencia moderna y burguesía / _rStefano Sonnati -- _tCiencia, tecnología y desarrollo: algunos modelos de relación / _rLuis A. Camacho N. -- _tEl desarrollo de la tecnología / _rGomory E. Ralph -- _tCiencia y tecnología / _rJ. Ziman -- _tLa tecnología y nuestras responsabilidades hacia las generaciones futuras / _rJhon J. Snyder -- _gParte lll -- _t¿Hay un método de la ciencia? -- _tEl método científico / _rMario Bunge -- _tLas hipótesis y el método científico / _rCohen-Nagel -- _tMiseria de la metodología / _rAndrés Molina -- _tRevoluciones científicas y cambios conceptuales / _rH. Browun -- _gParte lV -- _tCrítica de la razón científica -- _tProsupuestos y límites de la ciencia -- _rPeter E. Hodgson -- _tLos argumentos extraídos de la metodología no demuestran la superioridad de la ciencia / _rPaul Feyerabend. |
|
| 590 | _aInventariado, 2025/VM | ||
| 650 | 7 |
_aTecnología _xAspectos sociales |
|
| 650 | 7 |
_aFilosofía de la ciencia _xEnsayos, conferencias, etc. |
|
| 650 | 7 |
_aFilosofía de la ciencia _xEstudio y enseñanza |
|
| 650 | 7 |
_aTecnología _xEstudio y enseñanza |
|
| 700 | 1 |
_aMolina, Andrés, _ecompilador |
|
| 710 | 2 | _aInstituto Tecnológico de Santo Domingo | |
| 710 | z | _aINTEC | |
| 710 | z | _aI.N.T.E.C. | |
| 710 | z | _aInstituto Tecnológico Santo Domingo | |
| 910 | _aVMateo V. Control de calidad BPMSU | ||
| 942 |
_2ddc _cBK |
||
| 999 |
_c7581 _d7581 |
||